| 000 | 01208nam a2200217 i 4500 | ||
|---|---|---|---|
| 001 | 10345 | ||
| 003 | ES-MaACL | ||
| 005 | 20250819173449.0 | ||
| 007 | t| | ||
| 008 | 950511m19721993sp af ||||1| spa d | ||
| 020 | _a84-249-3452-0 | ||
| 080 | _a821.134.2-82"19" | ||
| 100 | 1 |
_aAlonso, Dámaso, _d1898-1990 _920195 |
|
| 245 | 1 | 0 |
_aObras completas / _cDámaso Alonso. |
| 260 |
_aMadrid : _bGredos, _c1972-1993. |
||
| 300 |
_a10 v. : _blám. col. ; _c25 cm. |
||
| 505 | 8 | _aI. Estudios lingüísticos peninsulares. -- 1972-- II. Estudios y ensayos sobre literatura. Primera parte : desde los orígenes románicos hasta finales del siglo XVI.-- 1973-- III. Estudios y ensayos sobre literatura. Segunda parte : finales del siglo XVI, y siglo XVII.-- 1974-- IV. Estudios y ensayos sobre literatura. Tercera parte : ensayos sobre literatura contemporanea.-- 1975-- V. VI. VII. Góngora y el gongorismo. -- 1978-1985-- VIII. Comentarios de textos.-- 1985-- IX. "Poesía española" y otros estudios.-- 1989-- X. Verso y prosa literaria / edición preparada por Valentín García Yebra.-- 1993 | |
| 700 | 1 |
_aGarcía Yebra, Valentín, _d1917-2010 _955453 |
|
| 852 |
_aES-MaACL _jL-17848-57 |
||
| 999 |
_c10345 _d10345 |
||